Un mundo sin fin / (Registro nro. 26194)
[ vista simple ]
| 000 -LEADER | |
|---|---|
| fixed length control field | 01528cam a2200385 i 4500 |
| 001 - CONTROL NUMBER | |
| control field | 26194 |
| 003 - CONTROL NUMBER IDENTIFIER | |
| control field | Mx-PuUPA |
| 005 - DATE AND TIME OF LATEST TRANSACTION | |
| control field | 20251029145928.0 |
| 008 - FIXED-LENGTH DATA ELEMENTS--GENERAL INFORMATION | |
| fixed length control field | 140415s2008 mx gr 000 f spa d |
| 020 ## - INTERNATIONAL STANDARD BOOK NUMBER | |
| International Standard Book Number | 9789708102551 |
| 040 ## - CATALOGING SOURCE | |
| Transcribing agency | Mx-PuUPA |
| Original cataloging agency | Mx-PuUPA |
| Language of cataloging | spa |
| Modifying agency | Mx-PuUPA |
| Description conventions | rda |
| 041 1# - LANGUAGE CODE | |
| Language code of text/sound track or separate title | spa |
| Language code of original | eng |
| 043 ## - GEOGRAPHIC AREA CODE | |
| Geographic area code | e-uk--- |
| 100 1# - MAIN ENTRY--PERSONAL NAME | |
| Personal name | Follett, Ken, |
| Dates associated with a name | 1949- |
| 9 (RLIN) | 7839 |
| Relator term | autor |
| 240 10 - UNIFORM TITLE | |
| Uniform title | Wolrd without end. |
| Language of a work | Español |
| 245 13 - TITLE STATEMENT | |
| Title | Un mundo sin fin / |
| Remainder of title | Ken Follet ; traducción de Anuvela |
| 250 ## - EDITION STATEMENT | |
| Edition statement | Primera edición / |
| Remainder of edition statement | enero |
| 264 #1 - PRODUCTION, PUBLICATION, DISTRIBUTION, MANUFACTURE, AND COPYRIGHT NOTICE | |
| Place of production, publication, distribution, manufacture | México, D.F. : |
| Name of producer, publisher, distributor, manufacturer | Plaza & Janes, |
| Date of production, publication, distribution, manufacture, or copyright notice | 2008 |
| 300 ## - PHYSICAL DESCRIPTION | |
| Extent | 1178 páginas ; |
| Dimensions | 23 cm |
| 336 ## - CONTENT TYPE | |
| Fuente | rdacontent |
| Content type term | texto |
| Content type code | txt |
| 337 ## - MEDIA TYPE | |
| Source | rdamedia |
| Media type term | sin medio |
| Media type code | n |
| 338 ## - CARRIER TYPE | |
| Source | rdacarrier |
| Carrier type term | volumen |
| Carrier type code | nc |
| 650 #7 - SUBJECT ADDED ENTRY--TOPICAL TERM | |
| Source of heading or term | armarc |
| Topical term or geographic name entry element | Peste negra |
| Geographic subdivision | Inglaterra |
| Form subdivision | Novela |
| 650 #7 - SUBJECT ADDED ENTRY--TOPICAL TERM | |
| Source of heading or term | armarc |
| Topical term or geographic name entry element | Novela histórica inglesa |
| 650 #7 - SUBJECT ADDED ENTRY--TOPICAL TERM | |
| Source of heading or term | armarc |
| Topical term or geographic name entry element | Literatura inglesa |
| Chronological subdivision | Siglo XX |
| 651 #4 - SUBJECT ADDED ENTRY--GEOGRAPHIC NAME | |
| Geographic name | Gran Bretaña |
| General subdivision | Historia |
| Chronological subdivision | Siglo XIV |
| Form subdivision | Novela |
| 655 #4 - INDEX TERM--GENRE/FORM | |
| Genre/form data or focus term | Novela histórica inglesa |
| 710 1# - ADDED ENTRY--CORPORATE NAME | |
| Corporate name or jurisdiction name as entry element | Anuvela |
| Relator term | traductor |
| 765 0# - ORIGINAL LANGUAGE ENTRY | |
| Main entry heading | Follet, Ken |
| Title | World without end |
| 780 00 - PRECEDING ENTRY | |
| Main entry heading | Follet, Ken, |
| Title | Los pilares de la Tierra |
| Place, publisher, and date of publication | México : Penguin Random House Grupo Editorial, 2015 |
| Edition | Tercera edición |
| Record control number | (Mx-PuUPA) 66344 |
| International Standard Book Number | 9786073129428 |
| 780 00 - PRECEDING ENTRY | |
| Main entry heading | Follet, Ken, |
| Title | Los pilares de la Tierra |
| Place, publisher, and date of publication | Sant Andreu de la Barca, Barcelona : Plaza & Janés Editores, Debolsillo, 2001 |
| Edition | Segunda edición |
| Record control number | (Mx-PuUPA) 58317 |
| International Standard Book Number | 8484503844 |
| 942 ## - ADDED ENTRY ELEMENTS (KOHA) | |
| Source of classification or shelving scheme | Dewey Decimal Classification |
| Koha item type | Libro |
| Withdrawn status | Lost status | Source of classification or shelving scheme | Damaged status | Not for loan | Collection code | Home library | Current library | Shelving location | Date acquired | Source of acquisition | Cost, normal purchase price | Total Checkouts | Full call number | Barcode | Date last seen | Cost, replacement price | Price effective from | Koha item type |
|---|---|---|---|---|---|---|---|---|---|---|---|---|---|---|---|---|---|---|
| Dewey Decimal Classification | General | Biblioteca Karol Wojtyla | Biblioteca Karol Wojtyla | Sala general | 03/12/2013 | Donación | 0.00 | 823.914 F6618 2008 | 48704 | 16/04/2026 | 0.00 | 03/12/2013 | Libro |